Statistics for French Verbs to Preposition

Click here to take the quiz!

General Stats

  • This quiz has been taken 14 times
  • The average score is 13 of 15

Answer Stats

EnglishFrenchPreposition% Correct
Expect from someoneS'attendreàquelqu'un
100%
Look like somethingRessembleràquelque chose
100%
To remain at a placeResteràun endroit
100%
Scare someoneFaire peuràquelqu'un
100%
Offer to someoneOffriràquelqu'un
100%
Teach someoneApprendre/Enseigneràquelqu'un
100%
Be proud of someone/somethingÊtre fier/fièredequelqu'un/quelque chose
100%
Be scared of something/someoneAvoir peurdequelque chose/quelqu'un
100%
Remember somethingSe souvenirdequelque chose
100%
Need somethingAvoir besoindequelque chose
100%
Be ready for someoneÊtre prêt/epourquelqu'un
88%
Be interested in somethingS'intéresseràquelque chose
86%
Be addicted to somethingÊtre accro/dépendantdequelque chose
86%
Sit on somethingS'asseoirsurquelque chose
86%
Believe in someoneCroireenquelqu'un
83%
Share with someonePartageravecquelqu'un
80%
Hide from someoneCacherdequelqu'un
80%
Dream of somethingRêverdequelque chose
80%
Trust someoneFaire confianceàquelqu'un
75%
Deal with somethingFaire faceàquelque chose
75%
Agree with someone/somethingÊtre d'accordavecquelqu'un/quelque chose
75%
Enter somewhereEntrerdansquelque part
71%
Be ready for somethingÊtre prêt/eàquelque chose
67%
Make noiseFairedubruit
67%

Score Distribution

Percentile by Number Answered

Percent of People with Each Score

Your Score History

You have not taken this quiz